000 00835nam a2200205 a 4500
001 000011122
005 20240304171404.0
008 091014s1972 dr 000 0 spa d
040 _aDO-SdBNP
_bspa
_cBNPHU
082 _aF - RD 69
_bS197g
100 1 _aSanabia, Rafael Emilio
_926438
245 1 0 _aEn las garras del águila /
_cRafael Emilio Sanabia; prólogo Americo Lugo.
260 _aSanto Domingo :
_b[s.n.],
_c1972.
300 _a44 p. ;
_c22 cm.
500 _aLos artículos que figuran en estas páginas, han sido seleccionados de la obra: Zarpas y Verdugos, cuya única edición circuló en el país en el año 1925
651 4 _aRepública Dominicana
_xHistoria
_y0CUPACIÓN AMERICANA, 1916-1924
_926636
700 1 2 _aLugo, Américo
_d1870-1952
_epról.
_981550
910 _aValidado. Control de calidad MFF
049 _aBNPD
999 _c10847
_d10847